Accounts of shipwreck and of other disasters at sea : designed to be interesting and useful to mariners, with an appendix, containing Dr. Payson's address to seamen and a few prayers for their use /

Bibliographic Details
Main Author: Allen, William, 1784-1868
Format: Microform Book
Language:English
Subjects:

MARC

Tag First Indicator Second Indicator Subfields
LEADER 00000cam a2200000 a 4500
001 in00001131981
005 20150930083249.0
007 he bmb|||baca
008 871113s1823 meu b 000 0 eng d
035 |a (OCoLC)16977865 
035 |9 AFX4502AM 
040 |a OKG  |c OKG  |d TXA  |d UtOrBLW 
049 |a TXAI 
099 |a fiche  |a C  |a 7893 
100 1 |a Allen, William,  |d 1784-1868. 
245 1 0 |a Accounts of shipwreck and of other disasters at sea :  |b designed to be interesting and useful to mariners, with an appendix, containing Dr. Payson's address to seamen and a few prayers for their use /  |c Comp. by a friend of seamen. 
264 3 |a Brunswick, Me. :  |b Printed by Joseph Griffin,  |c 1823. 
300 |a xxiv, 335 pages ;  |c 20 cm. 
336 |a text  |b txt  |2 rdacontent 
337 |a microform  |b h  |2 rdamedia 
338 |a microfiche  |b he  |2 rdacarrier 
533 |a Microfiche.  |b Louisville, Ky :  |c Lost Cause Press,  |d 1965.  |e 9 microfiches : negative ; 11 x 15 cm.  |f (Selected Americana from Sabin's Dictionary of books relating to America) 
500 |a Includes index. 
539 |a s  |b 1965  |d kyu  |e n 
500 |a Microform. 
650 0 |a Shipwrecks. 
999 |a MARS 
999 f f |s cf7314b6-b21a-3575-8f75-e6f7e0e3b707  |i f28c9b10-e9c2-39e5-8d4b-f45f238ed47f  |t 0 
952 f f |p normal  |a Texas A&M University  |b College Station  |c Sterling C. Evans Library  |d Evans: Microforms (3rd floor)  |t 0  |e fiche C 7893  |h Other scheme  |i microform -- microfiche  |m A14822806411 
998 f f |a fiche C 7893  |t 0  |l Evans: Microforms (3rd floor)